Keys of the kingdom. (Record no. 12644)

000 -LEADER
fixed length control field 00652nam a2200205 a 4500
001 - CONTROL NUMBER
control field :::00010453$&:&@@
003 - CONTROL NUMBER IDENTIFIER
control field OkBaRHE
005 - DATE AND TIME OF LATEST TRANSACTION
control field 20000607103359.0
008 - FIXED-LENGTH DATA ELEMENTS--GENERAL INFORMATION
fixed length control field s1984 j 000 0 eng u
040 ## - CATALOGING SOURCE
Transcribing agency
100 1# - MAIN ENTRY--PERSONAL NAME
Personal name Hicks, Roy.
245 10 - TITLE STATEMENT
Title Keys of the kingdom.
260 ## - PUBLICATION, DISTRIBUTION, ETC. (IMPRINT)
Place of publication, distribution, etc Tulsa, OK., :
Name of publisher, distributor, etc Harrison House
Date of publication, distribution, etc c1984
300 ## - PHYSICAL DESCRIPTION
Extent 110 p. ;
Dimensions 22 cm.
650 ## - SUBJECT ADDED ENTRY--TOPICAL TERM
Topical term or geographic name as entry element Authority (Religion)
650 ## - SUBJECT ADDED ENTRY--TOPICAL TERM
Topical term or geographic name as entry element Christian Life
942 ## - ADDED ENTRY ELEMENTS (KOHA)
Source of classification or shelving scheme
Koha item type Books
Copies
Permanent Location Date acquired Barcode Not for loan Source of classification or shelving scheme Full call number Price effective from Lost status Shelving location Date last seen Withdrawn status Damaged status Koha item type Copy number
RHEMA Bible Training College2010-04-1410453  BV 4501 .H52010-04-14 General Stacks2010-04-14  Books1
RHEMA Bible Training College2010-04-1416542  BV 4501 .H52010-04-14 General Stacks2010-04-14  Books2